Kvadraticky optimálne riadenie s časovým obmedzením
Enregistré dans:
| Auteur principal: | |
|---|---|
| Autres auteurs: | |
| Format: | Manuscrit Livre |
| Langue: | slovaque |
| Publié: |
Bratislava :
STU v Bratislave FEI,
2025
|
| Sujets: | |
| Accès en ligne: | https://opac.crzp.sk/?fn=detailBiblioFormChildE7O65&sid=8D80AD18777FCC7F64BDB74DC29E&seo=CRZP-detail-kniha |
| Tags: |
Pas de tags, Soyez le premier à ajouter un tag!
|
MARC
| LEADER | 00000ntm a22000003a 4500 | ||
|---|---|---|---|
| 001 | stuzp101872 | ||
| 003 | SK-STU | ||
| 005 | 20260210100023.8 | ||
| 007 | ta | ||
| 008 | 150427s2015----xo-----f-mn---000-0-slo-d | ||
| 040 | |a STU |b slo | ||
| 041 | 0 | |a slo | |
| 044 | |a xo | ||
| 100 | 1 | |a Maslen, Jakub |u 031000 |4 aut |U FEI Fakulta elektrotechniky a informatiky |T FEI Ústav robotiky a kybernetiky |X 120537 |U E011 |Y 356 |7 120537 | |
| 242 | 0 | 1 | |a Quadratic Optimal Control with Time Limit |y eng |
| 245 | 1 | 0 | |a Kvadraticky optimálne riadenie s časovým obmedzením |
| 260 | |a Bratislava : |b STU v Bratislave FEI, |c 2025 | ||
| 300 | |a 76 s. | ||
| 650 | 4 | |a Časovo optimálne riadenie |2 slo | |
| 650 | 4 | |a kvadraticky optimálne riadenie |2 slo | |
| 650 | 4 | |a kvadratická norma |2 slo | |
| 650 | 4 | |a MATLAB App Designer |2 slo | |
| 650 | 4 | |a diskrétne systémy |2 slo | |
| 650 | 4 | |a Time-optimal control |2 eng | |
| 650 | 4 | |a Quadratic optimal control |2 eng | |
| 650 | 4 | |a Quadratic norm |2 eng | |
| 650 | 4 | |a MATLAB App Designer |2 eng | |
| 650 | 4 | |a Discrete systems |2 eng | |
| 700 | 1 | |a Paulusová, Jana |u 031000 |k Z1 |4 ths |U FEI Fakulta elektrotechniky a informatiky |T FEI Ústav robotiky a kybernetiky |X 4953 |U E011 |Y 356 |7 A000004953 | |
| 856 | 4 | |u https://opac.crzp.sk/?fn=detailBiblioFormChildE7O65&sid=8D80AD18777FCC7F64BDB74DC29E&seo=CRZP-detail-kniha | |